000 00420nam a2200169Ia 4500
008 090123s9999 xx 000 0 und d
082 _b16680
100 _aइचनुर शांता
245 _aसहना
250 _a0
300 _a148
600 _aइचनुर शांता
630 _aसहना
700 _aइचनुर शांता
730 _aसहना
942 _cBOOK
999 _c54744
_d54744